000 00549 a2200181 4500
999 _c10353
_d10353
020 _a0195003047 (pbk.)
050 0 0 _aDA566. TAY 1965
100 1 _aTaylor, A. J. P.
_d1906-1990.
_eauthor
245 1 0 _aEnglish history, 1914-1945 /
_cA.J.P. Taylor.
264 _aNew York:
_bPenguin books.,
_c1965
300 _axxvii, 713 p. :
_bill. ;
440 4 _aThe Oxford history of England ;
500 _aIncludes index.
504 _aBibliography: p. [602]-643.
650 _aHistory
_xEngland
651 0 _aGreat Britain
942 _2lcc
_cBK
_h566
_iTAY
_kDA